Metodika a technika informačných prieskumov /
Guardado en:
| Autores principales: | , |
|---|---|
| Formato: | Libro |
| Lenguaje: | eslovaco |
| Publicado: |
Bratislava :
SlTK-Centrum VTI SR,
1982
|
| Materias: | |
| Etiquetas: |
Sin Etiquetas, Sea el primero en etiquetar este registro!
|
MARC
| LEADER | 00000nam a22000003a 4500 | ||
|---|---|---|---|
| 001 | stu36738 | ||
| 005 | 20150617225727.6 | ||
| 008 | 920618s1982----cs------------------slo-d | ||
| 040 | |a STU |b slo | ||
| 041 | 0 | |a slo | |
| 044 | |a cs | ||
| 100 | 1 | |a Kleinová, Ludmila |4 aut | |
| 245 | 1 | |a Metodika a technika informačných prieskumov / |c [aut.]Květuše Hanušová, Lidmila Kleinová | |
| 260 | |a Bratislava : |b SlTK-Centrum VTI SR, |c 1982 | ||
| 300 | |a 174 s | ||
| 650 | 7 | |a Prieskumy informačné |2 stusub | |
| 650 | 7 | |a metodika a technika |2 stusub | |
| 700 | 1 | |a Hanušová, Květuše |4 aut | |
| 996 | |b 284M034830 |c M*926-1 |l MMKN |s A |a 24 |w stu36738_0002 | ||